| 000 | 01499naa a22003617a 4500 | ||
|---|---|---|---|
| 001 | BR8003280 | ||
| 003 | BR-BrBNA | ||
| 005 | 20240918174617.0 | ||
| 007 | ta | ||
| 008 | 230509b bl.||||| |||| 00| 0 por d | ||
| 040 |
_aBR-BrBNA _bpor _cBiblioteca Nacional de Agricultura |
||
| 041 | _a(Pt) | ||
| 072 |
_aP05; K50 _b8919 _bG514 |
||
| 090 | _aP05 BR8003280 | ||
| 100 | 1 | _aThiemann, J.B. | |
| 100 | 1 | _aXavier, M.S.S.P. | |
| 100 | 1 | _aColen, G. | |
| 100 | 1 | _aGuia, M.M. | |
| 111 | 1 |
_a2. Seminario Nacional de Fermentacao; 3. Seminario Nacional de Fermentacao _cPiracicaba, SP (Brazil); Rio de Janeiro, RJ (Brazil) _dNov 1977; Nov 1979 |
|
| 245 | 1 | _aProducao de celulares e hidrolise enzimatica de residuos celulosicos [Recurso energetico; Fermentacao; Industria florestal; Brasil] | |
| 260 | 3 |
_aSao Paulo, SP (Brasil): _c1980. |
|
| 500 | _aFurtado, J.S.; Vasconcellos, L. Fermentacoes industriais e transformacoes microbianas no solo Sao Paulo, SP (Brasil): 1980. p. 168-185 (BR8003280-AM)P05 | ||
| 650 | _aRecurso energetico | ||
| 650 | _aIndustria florestal | ||
| 650 | _aCelulose | ||
| 650 | _aEnergia | ||
| 650 | _aFermentacao | ||
| 650 | _aHidrolise | ||
| 650 | _aIndustria florestal | ||
| 773 | 0 |
_tFermentacoes industriais e transformacoes microbianas no solo _aFurtado, J.S.; Vasconcellos, L.. Sociedade Brasileira de Microbiologia, Sao Paulo, SP _wP05 BR8003280 _gSao Paulo, SP (Brasil), 1980. p. 168-185 |
|
| 909 |
_a202404 _bLucia _c55 _dLucia Elande |
||
| 942 |
_cAM _2AGRIS |
||
| 999 |
_c312336 _d312336 |
||